| 000 | 01139nam2a2200205 4500 | ||
|---|---|---|---|
| 001 | RU\NLR\PER_A\003155506_004790 | ||
| 005 | 20260215052507.0 | ||
| 035 | _a(NLR Aleph) 022724854 | ||
| 090 |
_a13553692 _c13553692 |
||
| 100 | _a20260211d2025 u y0rusy50 ca | ||
| 101 | 0 | _arus | |
| 102 | _aRU | ||
| 200 | 0 | _a2025, № 12 (351) (с указ.) | |
| 210 | _d2025 | ||
| 461 | 0 |
_1001RU\NLR\INFOCOMM15\1000137230 _12001#$aПенсия$eВсе о пенсиях в журн. "Пенсия"$eНауч.-образоват. информ. журн.$fУчредитель: М-во труда и социал. развития Рос. Федерации$v2025, № 12 (351) (с указ.) _93047924 _cМ. _d1996 - _fУчредитель: М-во труда и социал. развития Рос. Федерации _nНауч.-метод. центр "Социал. и пенс. технологии" _oВсе о пенсиях в журн. "Пенсия" : Науч.-образоват. информ. журн. _tПенсия _v2025, № 12 (351) (с указ.) |
|
| 852 |
_aNLR _jП23/4161 |
||
| 942 | _cUNSPEC | ||
| 980 | _aRUSPER | ||
| 980 | _aNB | ||